Indústries de la llet / per Josep Ma Soler i Coll
Descripción Física:
78 p. : il. ; 24 cm
Colección:
Textos d'ensenyament postal agrícola
Materias:
Indústria lletera
MARC
| LEADER | 00000nam a2200000Ia 4500 | ||
|---|---|---|---|
| 001 | 399 | ||
| 008 | 160829s1922 xx 000 0 cat d | ||
| 080 | |a C-1-449 | ||
| 100 | |a Soler i Coll, Josep M. |q (Josep Maria), |d 1893-1971 |9 33471 | ||
| 245 | |a Indústries de la llet / per Josep Ma Soler i Coll | ||
| 260 | |a Barcelona : |b Escola Superior d'Agricultura, |c 1922 | ||
| 300 | |a 78 p. : |b il. ; |c 24 cm | ||
| 490 | |a Textos d'ensenyament postal agrícola | ||
| 590 | |a A la part superior de la portada: Mancomunitat de Catalunya. Departament d'Agricultura | ||
| 650 | |a Indústria lletera |9 26796 | ||
| 710 | 2 | |a Catalunya. |b Mancomunitat |9 53015 | |
| 710 | 1 | |a Catalunya. |b Departament d'Agricultura |9 55594 | |
| 710 | 2 | |a Escola Superior d'Agricultura de Barcelona |9 70055 | |
| 856 | 4 | |u https://media.diba.cat/diba/fitxers/arxiu/mancomunitat/bib_399_baixa.pdf |y Accés lliure | |
| 866 | |a Conté:vbcrlf1: Les Llets i llur apreciació | ||
| 901 | |a Arxiu | ||
| 942 | |n 1 |2 udc | ||
| 952 | |0 0 |1 0 |4 0 |6 C1449 |7 1 |9 44144 |a Arxiu |b Arxiu |d 2016-12-01 |l 0 |o C-1-449 |p 399 |r 2016-12-01 00:00:00 |w 2016-12-01 |y ARXIU | ||
| 999 | |c 46724 |d 46724 | ||
| 900 | |a bib_399_baixa.pdf | ||